Juglares de hoy : antología de cantautores 60-90 /
Guardado en:
| Autor Principal: | |
|---|---|
| Formato: | Libro |
| Publicado: |
Buenos Aires :
Cántaro,
1998
|
| Series: | Colección del Mirador; No. 134
|
| Materias: | |
| Etiquetas: |
Agregar Etiqueta
Sin Etiquetas, Sea el primero en etiquetar este registro!
|
| LEADER | 01313nam a22002415a 4500 | ||
|---|---|---|---|
| 001 | CEM.cems010332 | ||
| 005 | 20080520100535.0 | ||
| 008 | 130507s1998##################000#0#####d | ||
| 003 | CEMS | ||
| 020 | |a 9507530460 | ||
| 082 | 0 | 4 | |a 927.8 |
| 100 | 1 | |a Paris, Diana | |
| 245 | 1 | 0 | |a Juglares de hoy : |b antología de cantautores 60-90 / |c Coordinado Por Diana Paris |
| 260 | |a Buenos Aires : |b Cántaro, |c 1998 | ||
| 300 | |a 218 p. | ||
| 490 | 0 | |a Colección del Mirador; No. 134 | |
| 500 | |a La selección de canciones y de autores: Fito, Calamaro, Spinetta, Serrat, Charly entre otros, se asienta sobre dos presupuestos: el valor poético de sus letras y el recorte temático: lo social | ||
| 505 | 0 | |a Fito Páez -- Joaquín Sabina -- Víctor Heredia -- Eladia Blázquez -- Charly García -- Joan Manuel Serrat -- Alberto Cortéz -- Atahualpa Yupanqui -- Violeta Parra -- Juan Luis Guerra -- Chico Buarque de Hollanda -- Teresa Parodi -- Léon Gieco -- María Elena Walsh -- Alejandro Lerner -- Jaime Ros -- Andrés Calamaro -- Rubén Blades -- Daniel Viglietti -- Silvio Rodríguez -- Pablo Milanés -- Luis Alberto Spinetta -- Facundo Cabral | |
| 653 | |a Cantautores | ||
| 653 | |a Canciones | ||
| 653 | |a Canción-letra | ||
| 653 | |a Cantautores-siglo 20 | ||
| 859 | |a CEMS |b BIB. CEMS - 11 de abril |h 927.8 |i P212 |p 20880.00 |t Ej.1 | ||
